000 00510nam a2200145 4500
001 166485
003 ES-MaACL
005 20230906213338.0
008 950302s1887 sp f |||| | spa d
100 1 _aTorres Campos, Manuel.
_9110934
245 1 0 _aElementos de derecho internacional privado /
_cpor Manuel Torres Campos.
260 _aMadrid :
_bLibrería de Fernando Fe,
_c1887.
300 _a218 p. ;
_c19 cm.
852 4 _aES-MaACL
_jF-12182
_z- Enc. pasta española
_z- Dedicatoria autógrafa del autor
999 _c166485
_d166485